Statistics for Denver Nuggets 20 Points Per Game Players

Click here to take the quiz!

General Stats

  • This quiz has been taken 104 times
    (85 since last reset)
  • The average score is 9 of 19

Answer Stats

#PlayersLast% Correct
5Nikola Jokić2024
100%
8Carmelo Anthony2011
97%
2Jamal Murray2024
97%
9Alex English1989
90%
2Allen Iverson2008
82%
5David Thompson1981
66%
7Dan Issel1983
61%
3Kiki Vandeweghe1984
53%
2Antonio McDyess2001
45%
1Michael Adams1991
34%
3Larry Jones1970
31%
1LaPhonso Ellis1997
21%
1Nick Van Exel2002
21%
1George McGinnis1979
18%
1Calvin Natt1985
13%
1Orlando Woolridge1991
10%
1Spencer Haywood1970
10%
3Ralph Simpson1975
8%
1Larry Cannon1971
2%

Score Distribution

Percentile by Number Answered

Percent of People with Each Score

Your Score History

You have not taken this quiz since the last reset